000 00485nam a2200145Ia 4500
008 100122s9999 xx 000 0 und d
082 _b49994
_a294.5921
100 _aदेशमुख श्रीकृष्ण
245 _aछांदोग्य उपनिषद
260 _bमोरया प्रकाशन
_c1994
300 _a87
630 _aछांदोग्य उपनिषद
730 _aछांदोग्य उपनिषद
942 _cBOOK
999 _c427801
_d427798